000 00525nam a2200181Ia 4500
008 100920s9999 xx 000 0 und d
082 _b18983
_a891.463.1 0
100 _aचव्हाण भाऊसाहेब.
245 _aपारध.
260 _bकेसरी मुद्रणालय, पुणें-30.
_c0
300 _a142
_bसाधी
365 _b0
520 _aलघुकथा.
630 _aपारध.
650 _aलघुकथा.
730 _aपारध.
942 _cBOOK
999 _c680354
_d680351